Land and unemployment (Record no. 374622)

000 -LEADER
fixed length control field 00323cam a22001217a 4500
008 - FIXED-LENGTH DATA ELEMENTS--GENERAL INFORMATION
fixed length control field 180718b1935 xxu||||| |||| 00| 0 eng d
082 ## - DEWEY DECIMAL CLASSIFICATION NUMBER
Classification number L238x42 M896
100 ## - MAIN ENTRY--PERSONAL NAME
Personal name Muirhead, James F.
245 ## - TITLE STATEMENT
Title Land and unemployment
Statement of responsibility, etc. by James F. Muirhead
260 ## - PUBLICATION, DISTRIBUTION, ETC.
Place of publication, distribution, etc. London
Name of publisher, distributor, etc. OUP
Date of publication, distribution, etc. 1935
300 ## - PHYSICAL DESCRIPTION
Extent 211p.
650 ## - SUBJECT ADDED ENTRY--TOPICAL TERM
Topical term or geographic name entry element Single Tax - U.K.
Holdings
Withdrawn status Lost status Damaged status Not for loan Permanent Location Current Location Date acquired Full call number Barcode Date last seen Price effective from Koha item type
        Indian Institute of Public Administration Indian Institute of Public Administration 2010-01-28 L238x42 M896 A361 2018-07-21 2018-07-21 A

Powered by Koha